| 000 | 00492nam a2200169Ia 4500 | ||
|---|---|---|---|
| 999 |
_c12197 _d12197 |
||
| 003 | OSt | ||
| 005 | 20201005134352.0 | ||
| 008 | 190216s9999||||xx |||||||||||||| ||und|| | ||
| 040 | _coclc | ||
| 082 |
_a823.912 _bMAU/R |
||
| 100 |
_aMaugham, W Somerset _94966 |
||
| 245 | 4 |
_aThe Razors 's Edge / _cW Somerset Maugham ; David Knigt |
|
| 260 |
_bHeron Books, _aLondon: _c1967 |
||
| 300 | _a303p | ||
| 650 | _aEnglish | ||
| 942 |
_cBK _2ddc _h823.912 _iMAU/R _k823.912 _mMAU/R |
||